000
00284nam a22001097a 4500
082
_a
625.7
_b
HOU
_c
L-tech P-90
100
_a
Housden W P
_9
43610
245
_a
Roorkee Treatise on Civil Engineering
526
_a
0
_b
0
_c
0
_d
625_700000000000000_HOU
650
_a
MCE
_9
379
942
_2
ddc
_c
BK
999
_c
547412
_d
547412